000 00417nam a22001577a 4500
003 NUST - PNEC
005 20170116181044.0
008 150923b xxu||||| |||| 00| 0 eng d
040 _cLIBRARY
082 _a658.45 KEE
100 _911662
_aKeenan, Kate
245 _aThe management guide to communicating
_cKate Keenan
260 _cc 1996
650 _911663
_aCommunication in management
_xComm
942 _2ddc
_cBK
999 _c68174
_d68174